Physical Chemistry

This CD provides a contemporary approach to the study of physical chemistry. By beginning with quantum chemistry, students will learn the fundamental principles upon which all modern physical chemistry is built.

সংরক্ষণ করুন:
গ্রন্থ-পঞ্জীর বিবরন
প্রধান লেখক: Berry, Stephen
বিন্যাস: গ্রন্থ
ভাষা:Undetermined
প্রকাশিত: Oxford Oxford University Press 2001
বিষয়গুলি:
ট্যাগগুলো: ট্যাগ যুক্ত করুন
কোনো ট্যাগ নেই, প্রথমজন হিসাবে ট্যাগ করুন!
Thư viện lưu trữ: Trung tâm Học liệu Trường Đại học Cần Thơ
LEADER 00723nam a2200193Ia 4500
001 CTU_120429
008 210402s9999 xx 000 0 und d
082 |a 541.3 
082 |b B534 
100 |a Berry, Stephen 
245 0 |a Physical Chemistry 
245 0 |c Stephen Berry ...[et al.] 
260 |a Oxford 
260 |b Oxford University Press 
260 |c 2001 
520 |a This CD provides a contemporary approach to the study of physical chemistry. By beginning with quantum chemistry, students will learn the fundamental principles upon which all modern physical chemistry is built. 
650 |a Chemistry, physical and theoretical 
904 |i M.Loan 
980 |a Trung tâm Học liệu Trường Đại học Cần Thơ